00728nam a2200229 i 4500001000300000100002300003245004300026260005600069300004100125504001400166650002100180020001500201040000800216041000700224080002500231920001800256942000700274008004100281999001700322856009800339952006100437bg1 aDREWIŃSKI, Marek10aGiełdy towarowe /cMarek Drewiński. aWarszawa :bPolskie Wydawnictwo Ekonomiczne,c1997. a194, [1] s. :brys., wykr. ;c21 cm. aBibliogr. 9aGiełda towarowa a8320810868 cBPK0 apl a339.172:336.764/.768 a83-208-1086-8 cKS s pl f |000 0 pol  c39777d39777 uhttp://koha.tu.koszalin.pl/cgi-bin/koha/opac-detail.pl?biblionumber=39777yKatalog online BPK 00104070aBPKbBPKcwo59524p01572575s2016-01-26yKS